Secondary Ground Type Pokémon - Statistics

General Stats
  • This quiz has been taken 25 times
    10 since last reset
  • The average score is 44 of 44
Answer Stats
Region Number Primary Type Answer % Correct
0339 Water Barboach
100%
0323 Fire Camerupt
100%
Paldea 0980 Poison Clodsire
100%
Kalos 0660 Normal Diggersby
100%
0423 Water East Sea Gastrodon
100%
0444 Dragon Gabite
100%
0445 Dragon Garchomp
100%
0074 Rock Geodude
100%
0443 Dragon Gible
100%
0076 Rock Golem
100%
0075 Rock Graveler
100%
0246 Rock Larvitar
100%
0473 Ice Mamoswine
100%
Hoenn 0259 Water Marshtomp
100%
0323 Fire Mega Camerupt
100%
0445 Dragon Mega Garchomp
100%
0208 Steel Mega Steelix
100%
0260 Water Mega Swampert
100%
0034 Poison Nidoking
100%
Kanto 0031 Poison Nidoqueen
100%
0290 Bug Nincada
100%
0322 Fire Numel
100%
0095 Rock Onix
100%
0770 Ghost Palossand
100%
Unova 0536 Water Palpitoad
100%
0221 Ice Piloswine
100%
0247 Rock Pupitar
100%
0195 Water Quagsire
100%
Alola 0769 Ghost Sandygast
100%
0989 Electric Sandy Shocks
100%
0537 Water Seismitoad
100%
0208 Steel Steelix
100%
0260 Water Swampert
100%
0220 Ice Swinub
100%
1003 Dark Ting-Lu
100%
Sinnoh 0389 Grass Torterra
100%
0423 Water West Sea Gastrodon
100%
0340 Water Whiscash
100%
Johto 0194 Water Wooper
100%
0194 Poison Wooper (Paldean Form)
100%
0413 Bug Wormadam (Sandy Cloak)
100%
0718 Dragon Zygarde (10% Forme)
100%
0718 Dragon Zygarde (50% Forme)
100%
0718 Dragon Zygarde (Complete Forme)
100%
No matching quizzes found
Score Distribution
Percent of People with Each Score
Percentile by Number Answered
Your Score History
You have not taken this quiz since the last reset